header

The "uncensored war" (Record no. 3906)

MARC details
000 -LEADER
fixed length control field 01184nam a2200301Ia 4500
100 1# - MAIN ENTRY--AUTHOR NAME
Personal name Hallin, Daniel C.
245 15 - TITLE STATEMENT
Title The "uncensored war"
260 ## - PUBLICATION, DISTRIBUTION, ETC. (IMPRINT)
Place of publication New York :
Name of publisher Oxford University Press,
Year of publication 1986.
300 ## - PHYSICAL DESCRIPTION
Number of Pages vii, 285 p. :
Other physical details map.
650 #0 - SUBJECT ADDED ENTRY--TOPICAL TERM
Topical Term Press
Topical Term Vietnam War, 1961-1975
856 40 - ELECTRONIC LOCATION AND ACCESS
Uniform Resource Identifier http://site.ebrary.com/lib/rucke/Doc?id=10279344

No items available.

© 2026 Rongo University
Contact us: librarian | system librarian | Rongo university